| 000 | 01164nam a22002657a 4500 | ||
|---|---|---|---|
| 005 | 20170124103204.0 | ||
| 010 | _a534901 | ||
| 020 | _c8.00 | ||
| 035 | _a534901 | ||
| 037 | _bCen Lib/Ret | ||
| 040 |
_aDPL _bHN |
||
| 082 |
_a954.4 _bगैरौला |
||
| 100 |
_aगैरौला, वाचस्पति _993045 |
||
| 245 |
_aभारत के उत्तर पूर्व सीमान्त देश : _cवाचस्पति गैरौला _bतिब्बत : नेपाल : सिक्किम : भूटान / |
||
| 246 |
_aBharat ke uttar poorv seemant desh : Tibbet : Nepal : Sikkim : Bhotan / _bby Vachaspati Gairaula |
||
| 260 |
_aलखनऊ _bसूचना विभाग _c1967 |
||
| 270 | _bलखनऊ | ||
| 300 |
_a327पृ. _c21सेमी(सजिल्द ) |
||
| 500 | _aसन्दर्भ सूची शामिल | ||
| 650 |
_aभूगोल _x _z _993046 |
||
| 650 |
_aभूगोल -- राज्य (भारत) _943622 |
||
| 650 |
_aGeography _993047 |
||
| 650 |
_aGeography - state (India) _993048 |
||
| 942 |
_2ddc _cHN _h954.4 _mगैरौला |
||
| 999 |
_c120863 _d120863 |
||